WAC and Second Language Writers : Research Towards Linguistically and Culturally Inclusive Programs and Practices /

En esta obra se presentan investigaciones, prácticas educativas y ejemplos curriculares sobre retórica en enseñanza del inglés como segunda lengua, en la educación superior de Asia, Europa y Estados Unidos.

Guardado en:
Detalles Bibliográficos
Autores principales: Zawacki, Terry Myers (edición), Cox, Michelle (edición)
Formato: Libro
Idioma:Inglés
Publicado: Fort Collins, EUA : Anderson, EUA : The WAC Clearinghouse ; Parlor, 2014, c2014
Colección:(Perspectives on Writing)
Temas:
Acceso en línea:Ver documento en línea
Etiquetas: Agrega una etiqueta
Sin etiquetas, Sé el primero en etiquetar este registro!

MARC

LEADER 00000nam^a2200000^a^4500
001 000426602
005 20251023000000.0
009 20260310122746.03
022 |a 9781602355057 
037 |a Acervo ITESO - Biblioteca 
041 |a ING 
082 |a 808. 042  |b ZAW 
100 |a Zawacki, Terry Myers  |e (edición) 
100 |a Cox, Michelle  |e (edición) 
245 1 0 |a WAC and Second Language Writers :  |b Research Towards Linguistically and Culturally Inclusive Programs and Practices /  |c Ed. de T. Myers Zawacki, M. Cox. 
264 4 |a Fort Collins, EUA :  |b The WAC Clearinghouse ;  |a Anderson, EUA :  |b Parlor,  |c 2014, c2014 
264 2 |a Cartagena, España :  |b Odilo [distribución],  |c 2021 
300 |a 1 libro electrónico en línea (492 p.) 
300 |a 1 recurso en línea 
336 |a datos para computadora  |b cod  |2 rdacontenido 
337 |a computadora  |b c  |2 rdamedio 
338 |a recurso en línea  |b cr  |2 rdasoporte 
440 1 |a (Perspectives on Writing) 
506 1 |a 1 licencia 
520 |a En esta obra se presentan investigaciones, prácticas educativas y ejemplos curriculares sobre retórica en enseñanza del inglés como segunda lengua, en la educación superior de Asia, Europa y Estados Unidos. 
521 |a Odilo 2021 EEnlace Departamento de Lenguas 
649 |a XX 
650 |a Inglés como Lengua Extranjera -  |x Estudio y Enseñanza -  |x Tema Principal 
650 |a Inglés -  |x Estudio y Enseñanza -  |x Tema Principal 
650 |a Redacción -  |z Asia -  |x Estudio y Enseñanza 
650 |a Redacción -  |z Europa -  |x Estudio y Enseñanza 
650 |a Redacción -  |z EUA -  |x Estudio y Enseñanza 
650 |a Redacción -  |x Estudio y Enseñanza -  |x Tema Principal 
650 |a Retórica -  |z Asia -  |x Estudio y Enseñanza -  |x Tema Principal 
650 |a Retórica -  |z Europa -  |x Estudio y Enseñanza -  |x Tema Principal 
650 |a Retórica -  |z EUA -  |x Estudio y Enseñanza -  |x Tema Principal 
650 |a Retórica -  |x Estudio y Enseñanza -  |x Tema Principal 
650 |a Inclusión Educativa 
650 |a Educación Superior -  |z Asia 
650 |a Educación Superior -  |z Europa 
650 |a Educación Superior -  |z EUA 
650 |a Educación Superior 
650 |a Educación 
856 4 0 |u https://iteso-odilotk-es.ezproxy.iteso.mx/opac?id=01879269  |y Ver documento en línea 
910 |a Fondo General 
920 |a Electrónicos - Libros en Línea 
930 |a Plataforma Digital 
940 |a Literatura 
905 |a 205 
901 |a 426602-1  |b IT2  |c EBO  |i C174242  |u 20250521 
902 |a https://opac.biblio.iteso.mx/vufind/Record/000426602